00459nam a2200133Ia 4500008004100000041000800041082001600049100001600065245004700081250001000128260004600138999001900184952012200203230627s9999 xx 000 0 und d amar a344.01bMIS aMisra, S.N. aIntroduction To Labour And Industrial Laws a21ed. aAllahabadbCentral Law Publicationsc2005 c688167d688167 001040708LLBaNLPbNLPcNLP-41d2006-03-31g435.00l0o344.01 MISpNLP-N09151r2023-07-17 00:00:00w2023-07-17yBK